000 00389nam a22001697a 4500
999 _c3706
_d3705
005 20210906113830.0
008 160623b xxu||||| |||| 00| 0 eng d
020 _a978-0-07-099603-8
041 _aeng
082 _b9617
100 _aTaylor, Grant
_92596
245 _aEnglish Conversation Practice
260 _bTMH
_c2009
300 _a291
650 _aManagement
_9241
942 _cBK